[Event "ICS rated blitz match"]
[Site "204.178.125.65"]
[Date "2001.01.18"]
[Round "?"]
[White "manjenosi"]
[Black "Hossa"]
[Result "0-1"]
[WhiteElo "1930"]
[BlackElo "2517"]
[PlyCount "38"]
[EventDate "2001.??.??"]

1. d4 d5 2. c4 e6 3. Nc3 Nf6 4. Bg5 Be7 5. cxd5 exd5 6. e3 O-O 7. Bd3 Be6 8.
Qc2 g6 9. Nge2 Nc6 10. a3 Ng4 11. Bf4 Bh4 12. Bg3 Bg5 13. h3 Nf6 14. Bf4 Bxf4
15. Nxf4 Qd7 16. g4 Qd6 17. Ke2 Nxd4+ 18. exd4 Qxf4 19. Qd2 Qxd4 {
manjenosi resigns} 0-1

[Event "ICS rated blitz match"]
[Site "204.178.125.65"]
[Date "2001.01.18"]
[Round "?"]
[White "PostModernist"]
[Black "Hossa"]
[Result "1-0"]
[WhiteElo "2521"]
[BlackElo "2528"]
[PlyCount "57"]
[EventDate "2001.??.??"]

1. d4 Nf6 2. c4 g6 3. Nc3 d5 4. cxd5 Nxd5 5. e4 Nxc3 6. bxc3 Bg7 7. Bb5+ c6 8.
Ba4 b5 9. Bb3 b4 10. Ne2 bxc3 11. Be3 e5 12. d5 O-O 13. Nxc3 Ba6 14. h4 h5 15.
g4 hxg4 16. h5 gxh5 17. Rxh5 g3 18. Qf3 Qa5 19. Rc1 gxf2+ 20. Qxf2 Nd7 21. Bh6
Bxh6 22. Rxh6 Kg7 23. Rh5 f5 24. Qg2+ Kf7 25. Rh7+ Ke8 26. Qg7 Qxc3+ 27. Rxc3
Rf7 28. Qxf7+ Kd8 29. Qxd7# {Hossa checkmated} 1-0

[Event "ICS rated blitz match"]
[Site "204.178.125.65"]
[Date "2001.01.18"]
[Round "?"]
[White "Hossa"]
[Black "PostModernist"]
[Result "1-0"]
[WhiteElo "2512"]
[BlackElo "2537"]
[PlyCount "123"]
[EventDate "2001.??.??"]

1. d4 d5 2. c4 c6 3. Nf3 e6 4. Nc3 dxc4 5. e4 b5 6. Be2 Bb7 7. O-O a6 8. Bf4
Bb4 9. Qc2 Ne7 10. a3 Ba5 11. Qd2 O-O 12. Ng5 Ng6 13. Be3 Nd7 14. Bh5 Ne7 15.
Qe2 h6 16. Bxf7+ Rxf7 17. Nxf7 Kxf7 18. Qf3+ Kg8 19. Qg4 Nf8 20. Bxh6 Qxd4 21.
Rad1 Qf6 22. Bg5 Qf7 23. Be3 Re8 24. Bc5 Nfg6 25. f4 Rd8 26. Rxd8+ Bxd8 27. Rd1
Ba5 28. Rd7 Bc8 29. Ra7 Bxc3 30. bxc3 Qf6 31. Qf3 Qf8 32. Ra8 Qd8 33. Ra7 a5
34. h3 a4 35. Kh1 Qe8 36. Qh5 Qf7 37. Qg5 Kf8 38. f5 exf5 39. exf5 Qxf5 40.
Bxe7+ Kg8 41. Qxf5 Bxf5 42. Bc5 Nf4 43. Kh2 Kh7 44. Bd6 Ng6 45. Kg3 Be6 46. h4
Nh8 47. Bc5 Nf7 48. Re7 Bd5 49. Kf4 Nd8 50. Kf5 Nf7 51. g4 Nh6+ 52. Kf4 Ng8 53.
Ra7 Nh6 54. g5 Nf7 55. Kf5 Nh8 56. h5 Bf7 57. h6 g6+ 58. Kf6 Kg8 59. Ra8+ Kh7
60. Rxh8+ Kxh8 61. Kxf7 Kh7 62. Kf6 {PostModernist resigns} 1-0

[Event "ICS rated blitz match"]
[Site "204.178.125.65"]
[Date "2001.01.18"]
[Round "?"]
[White "monsoon"]
[Black "Hossa"]
[Result "0-1"]
[WhiteElo "2454"]
[BlackElo "2529"]
[PlyCount "88"]
[EventDate "2001.??.??"]

1. d4 Nf6 2. Nf3 g6 3. g3 Bg7 4. Bg2 d5 5. O-O O-O 6. c4 dxc4 7. Na3 Nc6 8.
Nxc4 Bf5 9. Nce5 Be4 10. Nxc6 Bxc6 11. Bf4 Nh5 12. Bg5 Qd6 13. Qd3 Rfd8 14.
Rac1 h6 15. Be3 Qe6 16. b4 Qxa2 17. b5 Bd5 18. Rxc7 e5 19. Re7 Bf6 20. Rc7 e4
21. Qc3 exf3 22. Ra1 Qb3 23. Qxb3 Bxb3 24. Bxf3 Bxd4 25. Bxd4 Rxd4 26. b6 a5
27. Rxb7 Nf6 28. Rc7 Rb8 29. b7 a4 30. Rc8+ Rd8 31. Rxd8+ Rxd8 32. Bc6 Rb8 33.
e4 Ne8 34. e5 Nc7 35. f4 Bd5 36. Bxd5 Nxd5 37. Rxa4 Rxb7 38. Kg2 Rb2+ 39. Kh3
Ne3 40. Ra8+ Kg7 41. Ra3 Nf1 42. Kg4 Nxh2+ 43. Kh4 h5 44. Rc3 Rf2 {
monsoon resigns} 0-1

[Event "ICS rated blitz match"]
[Site "204.178.125.65"]
[Date "2001.01.18"]
[Round "?"]
[White "Hossa"]
[Black "monsoon"]
[Result "0-1"]
[WhiteElo "2542"]
[BlackElo "2441"]
[PlyCount "110"]
[EventDate "2001.??.??"]

1. d4 d5 2. c4 c6 3. Nf3 Nf6 4. Nc3 e6 5. e3 Nbd7 6. Bd3 dxc4 7. Bxc4 b5 8. Bd3
Bb7 9. a3 b4 10. Ne4 Nxe4 11. Bxe4 f5 12. Bd3 c5 13. O-O bxa3 14. bxa3 cxd4 15.
Nxd4 Bd5 16. Bb2 Qg5 17. Nf3 Qg6 18. Bb5 Rd8 19. Rc1 Bd6 20. Bxd7+ Rxd7 21.
Rc8+ Rd8 22. Rxd8+ Kxd8 23. Qd4 Rf8 24. Rd1 Ke8 25. Qa4+ Kf7 26. e4 fxe4 27.
Qxa7+ Kg8 28. Ne1 Qh6 29. h3 Rf7 30. Qe3 Bf4 31. Qb6 e3 32. Bd4 exf2+ 33. Bxf2
Qh5 34. Nf3 Bc7 35. Qb5 Bxf3 36. Qe8+ Rf8 37. Qxe6+ Kh8 38. gxf3 Qxf3 39. Rd2
Qf4 40. Qe7 Qh2+ 41. Kf1 Qxh3+ 42. Ke1 Qh1+ 43. Ke2 Qf3+ 44. Kf1 Ba5 45. Ra2
Rb8 46. Ra1 Qh1+ 47. Ke2 Rb2+ 48. Ke3 Bb6+ 49. Kf4 Rxf2+ 50. Ke5 Re2+ 51. Kf4
Qh2+ 52. Kg4 Qg2+ 53. Kf5 Qf3+ 54. Kg5 Rg2+ 55. Kh4 Bf2# {Hossa checkmated} 0-1

[Event "ICS rated standard match"]
[Site "204.178.125.65"]
[Date "2001.01.18"]
[Round "?"]
[White "Hossa"]
[Black "perucho"]
[Result "0-1"]
[WhiteElo "2347"]
[BlackElo "2610"]
[PlyCount "83"]
[EventDate "2001.??.??"]

1. d4 d5 2. c4 c6 3. Nf3 Nf6 4. Nc3 dxc4 5. e4 b5 6. e5 Nd5 7. a4 h6 8. axb5
Nxc3 9. bxc3 cxb5 10. Be2 Be6 11. O-O Bd5 12. Be3 e6 13. Qb1 a6 14. Qc2 Be7 15.
Nd2 O-O 16. f4 Nc6 17. f5 f6 18. fxe6 fxe5 19. Qg6 Rf6 20. Rxf6 Bxf6 21. dxe5
Nxe5 22. Qf5 Qd6 23. Ne4 Bxe4 24. Qxe4 Re8 25. Bh5 Rxe6 26. Qa8+ Kh7 27. Rd1
Qe7 28. Qe4+ g6 29. Bd2 Nd3 30. Qxg6+ Kh8 31. Qxh6+ Kg8 32. Rf1 Bd4+ 33. cxd4
Rxh6 34. Bxh6 Qe4 35. Rf3 Qxd4+ 36. Be3 Qa1+ 37. Rf1 Qe5 38. Bf7+ Kg7 39. Bf2
Nxf2 40. Rxf2 a5 41. g4 a4 42. Bh5 {Hossa resigns} 0-1

[Event "ICS rated standard match"]
[Site "204.178.125.65"]
[Date "2001.01.18"]
[Round "?"]
[White "perucho"]
[Black "Hossa"]
[Result "1-0"]
[WhiteElo "2616"]
[BlackElo "2341"]
[PlyCount "93"]
[EventDate "2001.??.??"]

1. c4 e5 2. g3 Nc6 3. Bg2 f5 4. Nc3 Nf6 5. d3 Bc5 6. e3 d6 7. a3 a5 8. Nge2 O-O
9. d4 Bb6 10. O-O e4 11. Bd2 Bd7 12. f3 exf3 13. Rxf3 Qe7 14. Nf4 Qf7 15. Nfd5
Ra6 16. Rf4 Re8 17. Nxb6 Rxb6 18. Bd5 Nxd5 19. Nxd5 Rxb2 20. Bc1 Rb6 21. Nxb6
cxb6 22. Rb1 Ne7 23. Rxb6 Qxc4 24. Rxb7 Qc8 25. Qb3+ Be6 26. Qb2 a4 27. Ra7 Bb3
28. Ra5 g6 29. Qd2 Nd5 30. Rf3 Nc3 31. e4 Nxe4 32. Qb2 Re7 33. Bh6 Qb7 34. Rf1
Rc7 35. Rc1 Re7 36. d5 Qb6+ 37. Kf1 Qd8 38. Qd4 g5 39. Ra6 Nc5 40. Rc6 Rb7 41.
Qe3 Rd7 42. Bxg5 f4 43. gxf4 Qf8 44. R1xc5 Qf5 45. Qe8+ Kg7 46. Rxd6 Qh3+ 47.
Ke1 {Hossa resigns} 1-0

[Event "ICS rated blitz match"]
[Site "204.178.125.65"]
[Date "2001.01.18"]
[Round "?"]
[White "PostModernist"]
[Black "Hossa"]
[Result "1-0"]
[WhiteElo "2528"]
[BlackElo "2521"]
[PlyCount "121"]
[EventDate "2001.??.??"]

1. e4 c5 2. c3 Nf6 3. e5 Nd5 4. d4 cxd4 5. Nf3 Nc6 6. Bc4 Nb6 7. Bb3 d6 8. exd6
Qxd6 9. Na3 dxc3 10. Qe2 cxb2 11. Bxb2 Qb4+ 12. Kf1 Bg4 13. Nb5 Bxf3 14. gxf3
Rd8 15. Kg2 Qf4 16. Rhd1 Rxd1 17. Rxd1 e6 18. Bc1 Qb8 19. Bxe6 Be7 20. Bb3 O-O
21. Qe4 a6 22. Bf4 Qc8 23. Nd6 Bxd6 24. Bxd6 Re8 25. Qf4 Nd8 26. Qd4 Nd7 27.
Qg4 Ne6 28. Kg1 Qc3 29. Qe4 b6 30. Bb4 Qc8 31. Bd6 Nec5 32. Qd5 Nxb3 33. Qxb3
Re2 34. Kf1 Rc2 35. Be7 Rc3 36. Qd5 Nf8 37. Bxf8 Qxf8 38. Qb7 Qc8 39. Qxb6 Qc4+
40. Kg2 h6 41. Qa5 Rc2 42. Rd8+ Kh7 43. Qf5+ g6 44. Qf6 Rxf2+ 45. Kxf2 Qc5+ 46.
Kg2 Qg5+ 47. Qxg5 hxg5 48. Ra8 a5 49. Rxa5 Kh6 50. a4 f5 51. Rb5 Kg7 52. a5 g4
53. a6 gxf3+ 54. Kxf3 Kf6 55. Rb6+ Ke5 56. a7 g5 57. a8=Q Kd4 58. Qd8+ Kc5 59.
Ke3 f4+ 60. Ke4 g4 61. Qd4# {Hossa checkmated} 1-0

[Event "ICS Rated standard match"]
[Site "204.178.125.65"]
[Date "2001.01.18"]
[Round "?"]
[White "Hossa"]
[Black "PostModernist"]
[Result "1-0"]
[WhiteElo "2336"]
[BlackElo "2388"]
[PlyCount "129"]
[EventDate "2001.??.??"]

1. e4 e6 2. d4 d5 3. Nd2 c5 4. exd5 exd5 5. Ngf3 Nc6 6. Bb5 c4 7. O-O Bd6 8. b3
cxb3 9. c4 Nge7 10. cxd5 Nxd5 11. Re1+ Be6 12. Nxb3 O-O 13. Ng5 Qf6 14. Bd3 Bf5
15. Ne4 Bxe4 16. Bxe4 Nc3 17. Qg4 Nxe4 18. Qxe4 Rad8 19. Qg4 Bb4 20. Re4 Rd5
21. Bb2 a5 22. Rb1 Rg5 23. Qe2 a4 24. Nc1 Qg6 25. g3 Bd6 26. Ba1 b5 27. Nd3 Qf5
28. f4 Rh5 29. Ne5 Bxe5 30. fxe5 Na7 31. d5 Rh6 32. Bd4 Qd7 33. Rg4 Rg6 34. Rf4
Rd8 35. Rf2 h6 36. Bxa7 Qxa7 37. Rxb5 Qd4 38. d6 f6 39. e6 Qxd6 40. Qc4 Kh7 41.
Kg2 Re8 42. Re2 f5 43. Rd5 Qb6 44. Rde5 Re7 45. Qd5 Qa6 46. Re1 f4 47. Qe4 Qd6
48. g4 f3+ 49. Kxf3 Qd2 50. Re2 Qc3+ 51. Kg2 Qc8 52. h4 Qb7 53. Qxb7 Rxb7 54.
e7 Rb8 55. e8=Q Rxe8 56. Rxe8 Rxg4+ 57. Kh3 Rf4 58. R8e4 Rf3+ 59. Kg4 Ra3 60.
R4e3 Rxe3 61. Rxe3 g6 62. Re7+ Kg8 63. Ra7 a3 64. Rxa3 Kf7 65. Ra6 {
PostModernist resigns} 1-0

[Event "ICS rated standard match"]
[Site "204.178.125.65"]
[Date "2001.01.18"]
[Round "?"]
[White "diep"]
[Black "Hossa"]
[Result "1-0"]
[WhiteElo "2558"]
[BlackElo "2354"]
[PlyCount "35"]
[EventDate "2001.??.??"]

1. e4 e5 2. Nf3 Nc6 3. Bb5 a6 4. Ba4 Nf6 5. O-O Be7 6. Re1 b5 7. Bb3 O-O 8. c3
d6 9. h3 Bb7 10. d4 Re8 11. Nbd2 exd4 12. cxd4 Nb4 13. Ng5 d5 14. e5 Nd3 15.
exf6 Nxe1 16. fxe7 Qxe7 17. Nde4 h6 18. Nc5 {Hossa resigns} 1-0

[Event "ICS rated standard match"]
[Site "204.178.125.65"]
[Date "2001.01.18"]
[Round "?"]
[White "Hossa"]
[Black "diep"]
[Result "0-1"]
[WhiteElo "2346"]
[BlackElo "2566"]
[PlyCount "108"]
[EventDate "2001.??.??"]

1. e4 g6 2. d4 Bg7 3. Nf3 d6 4. c3 Nf6 5. Bd3 O-O 6. O-O Nc6 7. Na3 e5 8. d5
Ne7 9. c4 c6 10. Bg5 h6 11. Bd2 cxd5 12. cxd5 Nexd5 13. exd5 e4 14. Be2 exf3
15. Bxf3 Re8 16. Bc3 Bf5 17. Qa4 a6 18. Rfe1 b5 19. Qf4 Qd7 20. Rac1 g5 21. Qd2
g4 22. Be2 Ne4 23. Qf4 Nxc3 24. bxc3 Re4 25. Qd2 Qc7 26. Nb1 Rae8 27. Kf1 Qc5
28. Rcd1 R4e7 29. a3 Bxb1 30. Rxb1 Bxc3 31. Qc1 Re5 32. Qf4 Re4 33. Qc1 Qd4 34.
Rd1 Qe5 35. f4 Qxf4+ 36. Kg1 Bd4+ 37. Rxd4 Qxc1+ 38. Rxc1 Rxd4 39. Kf1 h5 40.
Rc3 Rd2 41. Bd3 Kg7 42. Bf5 Ree2 43. Bc8 Rf2+ 44. Ke1 Rde2+ 45. Kd1 Ra2 46. Ke1
Rxg2 47. Kf1 Raf2+ 48. Ke1 Rxh2 49. Bf5 Rxf5 50. Rd3 Rff2 51. a4 Rb2 52. Rd2
Rbxd2 53. a5 Rxd5 54. Kf1 Rd1# {Hossa checkmated} 0-1

[Event "ICS rated standard match"]
[Site "204.178.125.65"]
[Date "2001.01.18"]
[Round "?"]
[White "twixer"]
[Black "Hossa"]
[Result "1/2-1/2"]
[WhiteElo "2465"]
[BlackElo "2339"]
[PlyCount "82"]
[EventDate "2001.??.??"]

1. e4 g6 2. d4 Bg7 3. Nf3 d6 4. Bc4 Nf6 5. Nc3 Nxe4 6. Bxf7+ Kxf7 7. Nxe4 Rf8
8. c3 Kg8 9. Qb3+ d5 10. Bg5 a5 11. a4 h6 12. Be3 Ra6 13. O-O Rb6 14. Qa2 Kh8
15. Nc5 Rbf6 16. Ne5 Nc6 17. Ncd3 Nxe5 18. Nxe5 b6 19. f3 c5 20. dxc5 Re6 21.
f4 bxc5 22. Bxc5 Kg8 23. b4 g5 24. Rad1 Bb7 25. Nc4 axb4 26. Ne3 Rxe3 27. Bxe3
gxf4 28. Rxf4 Rxf4 29. Bxf4 bxc3 30. Rb1 Qc8 31. Be3 Bc6 32. a5 Qf5 33. Rb6 Qe4
34. Rxc6 Qxe3+ 35. Kf1 Bd4 36. Qxd5+ Kg7 37. Qf3 Qc1+ 38. Ke2 Qd2+ 39. Kf1 Qc1+
40. Ke2 Qd2+ 41. Kf1 Qc1+ {Game drawn by repetition} 1/2-1/2

[Event "ICS rated blitz match"]
[Site "204.178.125.65"]
[Date "2001.01.18"]
[Round "?"]
[White "Hiede"]
[Black "Hossa"]
[Result "0-1"]
[WhiteElo "1950"]
[BlackElo "2505"]
[PlyCount "80"]
[EventDate "2001.??.??"]

1. e4 e5 2. Nf3 Nc6 3. d4 exd4 4. Nxd4 Bc5 5. Be3 Qf6 6. c3 Nge7 7. g3 d5 8.
Bg2 Nxd4 9. cxd4 Bb4+ 10. Nc3 dxe4 11. O-O Bxc3 12. bxc3 Qc6 13. c4 O-O 14. Rc1
Nf5 15. Bf4 Re8 16. d5 Qc5 17. Re1 e3 18. fxe3 Nxe3 19. Bxe3 Rxe3 20. Kh1 Bf5
21. Rxe3 Qxe3 22. Qe1 Re8 23. Qxe3 Rxe3 24. c5 b5 25. cxb6 axb6 26. Kg1 Re7 27.
a4 g5 28. a5 bxa5 29. Ra1 Bd3 30. Rxa5 Re1+ 31. Kf2 Re2+ 32. Kg1 Rc2 33. d6
cxd6 34. Rxg5+ Kf8 35. Rd5 Rxg2+ 36. Kxg2 Be4+ 37. Kf2 Bxd5 38. Ke3 Ke7 39. Kd4
Ke6 40. h4 h5 {Hiede resigns} 0-1

[Event "ICS rated standard match"]
[Site "204.178.125.65"]
[Date "2001.01.18"]
[Round "?"]
[White "Hossa"]
[Black "PostModernist"]
[Result "0-1"]
[WhiteElo "2345"]
[BlackElo "2370"]
[PlyCount "111"]
[EventDate "2001.??.??"]

1. e4 c5 2. Nf3 Nc6 3. d4 cxd4 4. Nxd4 e6 5. Nb5 d6 6. Bf4 e5 7. Be3 Nf6 8.
N1c3 a6 9. Na3 Rb8 10. f3 Be6 11. Bc4 b5 12. Bd5 Qd7 13. Nab1 Be7 14. Bb3 O-O
15. Nd5 Na5 16. Nxe7+ Qxe7 17. Bg5 Nc4 18. Qc1 d5 19. exd5 Bxd5 20. Nc3 Rfd8
21. a4 h6 22. Bxf6 Qxf6 23. axb5 axb5 24. O-O Qb6+ 25. Rf2 Bc6 26. Bxc4 bxc4
27. Rb1 Qc5 28. Qe1 Rb4 29. Na2 Ra4 30. Nc3 Raa8 31. b3 cxb3 32. cxb3 Ra3 33.
Ne4 Bxe4 34. fxe4 Rd3 35. b4 Qd4 36. Kh1 Rab3 37. Rf1 Rxb1 38. Qxb1 Qc4 39. Re1
Rb3 40. Qa2 Qxb4 41. Rf1 Kh7 42. Qe2 Rb1 43. h3 Rxf1+ 44. Qxf1 Qxe4 45. Qxf7
Qg6 46. Qd7 e4 47. Qe7 Qf5 48. Kg1 Qf4 49. Qd7 e3 50. Qd3+ Kg8 51. Qd5+ Kf8 52.
Qf3 Qxf3 53. gxf3 Kf7 54. Kf1 Kg6 55. Ke1 Kh5 56. Ke2 {Hossa resigns} 0-1

[Event "ICS Rated blitz match"]
[Site "204.178.125.65"]
[Date "2001.01.18"]
[Round "?"]
[White "Hossa"]
[Black "burlov"]
[Result "1-0"]
[WhiteElo "2506"]
[BlackElo "2035"]
[PlyCount "91"]
[EventDate "2001.??.??"]

1. e4 e6 2. d4 d5 3. Nd2 Nf6 4. e5 Nfd7 5. Bd3 c5 6. c3 Nc6 7. Ne2 cxd4 8. cxd4
f6 9. Nf4 Nxd4 10. Qh5+ Ke7 11. Ng6+ hxg6 12. exf6+ Nxf6 13. Qxh8 Kf7 14. O-O
e5 15. Nb3 Nxb3 16. axb3 Bf5 17. Bxf5 gxf5 18. Re1 Bd6 19. Qxd8 Rxd8 20. Rxa7
Rd7 21. Ra8 Ne4 22. f3 Nf6 23. Bg5 Bc5+ 24. Kf1 Bd4 25. Ra2 Rc7 26. Rc1 Rd7 27.
Ke2 e4 28. h4 Ke6 29. Rd1 Be5 30. Bxf6 Bxf6 31. g3 d4 32. Ra4 Be5 33. g4 Bf6
34. g5 d3+ 35. Ke3 Bxb2 36. fxe4 fxe4 37. Rxe4+ Kf5 38. Rxd3 Bc1+ 39. Ke2 Rxd3
40. Kxd3 Ba3 41. Rc4 b6 42. b4 Kg6 43. Kc2 b5 44. Rc6+ Kh5 45. Kb3 Bxb4 46.
Kxb4 {burlov resigns} 1-0

[Event "ICS rated blitz match"]
[Site "204.178.125.65"]
[Date "2001.01.19"]
[Round "?"]
[White "Hossa"]
[Black "sanroque"]
[Result "1-0"]
[WhiteElo "2508"]
[BlackElo "2011"]
[PlyCount "127"]
[EventDate "2001.??.??"]

1. d4 Nf6 2. c4 e6 3. Nc3 Bb4 4. a3 Bxc3+ 5. bxc3 c5 6. e3 Nc6 7. Bd3 O-O 8.
Nf3 d6 9. O-O e5 10. Qc2 Re8 11. Be2 e4 12. Nd2 Bf5 13. Bb2 Bg6 14. Nb3 b6 15.
Nd2 Qe7 16. Rfe1 Rad8 17. Qa4 Qb7 18. Qd1 Qe7 19. a4 a5 20. Ba3 Qc7 21. Rb1 Rb8
22. Rb5 Na7 23. Rb2 Nc6 24. Qc2 Qe7 25. h3 Nd7 26. Rbb1 f5 27. d5 Nce5 28. Red1
Rf8 29. Rf1 Nf6 30. Rb5 Nfd7 31. Rfb1 Kh8 32. g3 Qg5 33. h4 Qe7 34. R1b2 h6 35.
Rb1 Qd8 36. h5 Bh7 37. Bb2 Qg5 38. Kf1 g6 39. hxg6 Nxg6 40. Ba3 Nge5 41. Ke1 h5
42. Ra1 h4 43. gxh4 Qxh4 44. Qc1 Qh1+ 45. Nf1 Ng4 46. Kd2 Qg2 47. Rab1 Nxf2 48.
R5b3 Nd3 49. Qc2 Bg6 50. Kd1 Nf2+ 51. Kc1 Ng4 52. Kb2 Qf2 53. Qd2 Nde5 54. Ka1
Nd7 55. R3b2 Kg7 56. Qc1 Qh4 57. Bxg4 Qxg4 58. Rh2 Rh8 59. Qc2 Rxh2 60. Qxh2
Rh8 61. Qxd6 Qe2 62. Qxd7+ Bf7 63. Ng3 Rg8 64. Nxe2 {sanroque resigns} 1-0

[Event "ICS rated bullet match"]
[Site "204.178.125.65"]
[Date "2001.01.19"]
[Round "?"]
[White "Hossa"]
[Black "JH-Donnol"]
[Result "0-1"]
[WhiteElo "2510"]
[BlackElo "2644"]
[PlyCount "134"]
[EventDate "2001.??.??"]

1. e4 e5 2. Nf3 Nc6 3. Bb5 a6 4. Ba4 Nf6 5. O-O Be7 6. Re1 b5 7. Bb3 d6 8. c3
O-O 9. h3 Na5 10. Bc2 c5 11. d4 Nd7 12. Nbd2 cxd4 13. cxd4 Nc6 14. Nb3 a5 15.
Be3 Nb6 16. dxe5 Nxe5 17. Nxe5 dxe5 18. Qxd8 Bxd8 19. Bc5 Re8 20. Bd3 Nc4 21.
Bxc4 bxc4 22. Nd2 Be6 23. Red1 Rb8 24. Rab1 Bc7 25. Rdc1 c3 26. bxc3 Bxa2 27.
Rxb8 Rxb8 28. c4 Rb2 29. Be3 f6 30. Kh2 a4 31. c5 a3 32. Kg3 g6 33. Ra1 f5 34.
exf5 gxf5 35. Kf3 f4 36. Ne4 fxe3 37. Kxe3 Rb3+ 38. Ke2 Rb2+ 39. Ke3 Rb3+ 40.
Ke2 Bb1 41. Nd2 Bd3+ 42. Ke3 Rc3 43. Ne4 Bxe4+ 44. Kxe4 Kf7 45. Kd5 Bd8 46. c6
Be7 47. Kxe5 Rxc6 48. Ke4 Rc2 49. Rf1 a2 50. Kd3 Rb2 51. Ra1 Rxf2 52. g3 Bf6
53. Rg1 Rb2 54. Rc1 Kg6 55. Ra1 Rd2+ 56. Kxd2 Bxa1 57. Kd3 Be5 58. g4 a1=Q 59.
Kc4 Kf6 60. Kc5 Qc3+ 61. Kb5 Qxh3 62. Kc4 Qxg4+ 63. Kd3 Qf3+ 64. Kd2 Bf4+ 65.
Kc2 Qa3 66. Kd1 Qd3+ 67. Ke1 Bg3# {Hossa checkmated} 0-1

[Event "ICS rated blitz match"]
[Site "204.178.125.65"]
[Date "2001.01.19"]
[Round "?"]
[White "grbavica"]
[Black "Hossa"]
[Result "0-1"]
[WhiteElo "1978"]
[BlackElo "2510"]
[PlyCount "56"]
[EventDate "2001.??.??"]

1. d4 d5 2. Nf3 Nf6 3. g3 Bg4 4. Bg2 c6 5. O-O e6 6. c4 dxc4 7. Ne5 Bf5 8. Nxc4
Be7 9. Nc3 O-O 10. Bg5 Na6 11. e4 Nxe4 12. Bxe7 Nxc3 13. Bxd8 Nxd1 14. Rfxd1
Rfxd8 15. Na5 Rab8 16. Bxc6 bxc6 17. Nxc6 Nb4 18. Nxd8 Rxd8 19. a3 Nc2 20. Rac1
h5 21. f3 g5 22. Kf2 Rd7 23. Rd2 Nxd4 24. Rc4 e5 25. b4 Kg7 26. a4 f6 27. b5
Be6 28. Rc5 Bb3 {grbavica resigns} 0-1

[Event "ICS rated blitz match"]
[Site "204.178.125.65"]
[Date "2001.01.19"]
[Round "?"]
[White "Hossa"]
[Black "rnnm"]
[Result "1/2-1/2"]
[WhiteElo "2511"]
[BlackElo "1932"]
[PlyCount "117"]
[EventDate "2001.??.??"]

1. e4 Nc6 2. Nf3 e5 3. d4 exd4 4. Nxd4 Nf6 5. Nxc6 dxc6 6. Qxd8+ Kxd8 7. Bg5
Be7 8. Nc3 Be6 9. f4 h6 10. Bh4 Kc8 11. f5 Bd7 12. Bc4 Rf8 13. O-O-O b5 14. Bb3
b4 15. Ne2 Bd6 16. Bxf6 gxf6 17. Kd2 Be5 18. c3 c5 19. Bd5 Rb8 20. Ke3 Bb5 21.
Rc1 Bxe2 22. Kxe2 bxc3 23. bxc3 Rb2+ 24. Kf3 Kd7 25. g3 Ke7 26. a4 Rfb8 27. h4
h5 28. Rhd1 Rh2 29. Rg1 Rbb2 30. Ke3 Rhe2+ 31. Kd3 Rg2 32. Rh1 Rxg3+ 33. Kc4
Ra2 34. Kxc5 Rxa4 35. Kc6 Ra3 36. Kb7 Rgxc3 37. Rxc3 Rxc3 38. Rd1 Rh3 39. Kxa7
Bd6 40. Kb7 Rxh4 41. Rg1 Rg4 42. Rxg4 hxg4 43. Bc4 g3 44. e5 fxe5 45. Bd5 Kf6
46. Be4 Kg5 47. Kc6 Kf4 48. Bg2 Kxf5 49. Kd5 Kf4 50. Bh1 Ke3 51. Kc6 f5 52. Kd5
f4 53. Bg2 f3 54. Bh3 g2 55. Kc4 g1=Q 56. Kb3 Qb1+ 57. Kc3 Qb4+ 58. Kc2 e4 59.
Be6 {rnnm ran out of time and Hossa has no material to mate} 1/2-1/2

[Event "ICS rated blitz match"]
[Site "204.178.125.65"]
[Date "2001.01.19"]
[Round "?"]
[White "Cocovitsch"]
[Black "Hossa"]
[Result "0-1"]
[WhiteElo "2327"]
[BlackElo "2496"]
[PlyCount "72"]
[EventDate "2001.??.??"]

1. d4 d5 2. Nf3 Nf6 3. Bf4 c5 4. c3 Qb6 5. Qc2 cxd4 6. cxd4 Nc6 7. a3 Bf5 8.
Qd1 Qxb2 9. Nbd2 e6 10. e3 Nd7 11. Be2 Bxa3 12. O-O Bc2 13. Qe1 O-O 14. h3 a6
15. Nh2 Rfc8 16. f3 f6 17. Qh4 Bb4 18. Nb1 Qxa1 19. Ng4 f5 20. Nh6+ Kf8 21. Qh5
Nd8 22. Bg5 gxh6 23. Bxh6+ Ke7 24. Bf4 Nf7 25. Qxh7 Rh8 26. Bg5+ Kf8 27. Bh6+
Ke8 28. Qg7 Bf8 29. Qg3 Bxh6 30. Nd2 Qc3 31. f4 Qxd2 32. Bh5 Nf6 33. Bg6 Bd3
34. Rf2 Qd1+ 35. Kh2 Ng4+ 36. hxg4 Bxf4+ {Cocovitsch resigns} 0-1

[Event "ICS rated blitz match"]
[Site "204.178.125.65"]
[Date "2001.01.19"]
[Round "?"]
[White "Hossa"]
[Black "Cocovitsch"]
[Result "1-0"]
[WhiteElo "2505"]
[BlackElo "2318"]
[PlyCount "59"]
[EventDate "2001.??.??"]

1. e4 c5 2. c3 a6 3. d4 e6 4. Nf3 b5 5. dxc5 Bxc5 6. b4 Bb6 7. c4 bxc4 8. Bxc4
Bb7 9. Bb2 Nf6 10. e5 Nd5 11. b5 O-O 12. Ba3 axb5 13. Bxb5 Bxf2+ 14. Kxf2 Qb6+
15. Nd4 Nc3 16. Nxc3 Rxa3 17. Na4 Qa7 18. Re1 f6 19. Kg1 fxe5 20. Rxe5 Rf4 21.
Nc5 Ba8 22. Bxd7 Nxd7 23. Nb5 Qb6 24. Qxd7 Bc6 25. Qxe6+ Kf8 26. Qc8+ Kf7 27.
Nd6+ Kg6 28. Qe6+ Rf6 29. Qg4+ Kh6 30. Qg5# {Cocovitsch checkmated} 1-0

[Event "ICS rated blitz match"]
[Site "204.178.125.65"]
[Date "2001.01.19"]
[Round "?"]
[White "armenjan"]
[Black "Hossa"]
[Result "0-1"]
[WhiteElo "2159"]
[BlackElo "2513"]
[PlyCount "26"]
[EventDate "2001.??.??"]

1. d4 d5 2. c4 c6 3. Nf3 Nf6 4. Nc3 dxc4 5. a4 Bf5 6. Ne5 e6 7. Nxc4 c5 8. dxc5
Qxd1+ 9. Kxd1 Bxc5 10. f3 Nc6 11. e4 Bg6 12. Bg5 O-O 13. Ne5 Nxe5 {
armenjan resigns} 0-1

[Event "ICS rated blitz match"]
[Site "204.178.125.65"]
[Date "2001.01.19"]
[Round "?"]
[White "Hossa"]
[Black "armenjan"]
[Result "1-0"]
[WhiteElo "2517"]
[BlackElo "2151"]
[PlyCount "57"]
[EventDate "2001.??.??"]

1. e4 e6 2. d4 d5 3. Nd2 c5 4. exd5 exd5 5. Ngf3 Nc6 6. Bb5 Bd6 7. dxc5 Bxc5 8.
Nb3 Bd6 9. Bg5 Nge7 10. O-O O-O 11. Re1 Re8 12. Nfd4 Bd7 13. Qh5 h6 14. Bxc6
bxc6 15. Bxh6 gxh6 16. Qxh6 Ng6 17. g3 Bf8 18. Qh5 c5 19. Nf3 c4 20. Ng5 Bg7
21. Nc5 Bc6 22. Nce6 Rxe6 23. Rxe6 fxe6 24. Qh7+ Kf8 25. Nxe6+ Kf7 26. Nxd8+
Rxd8 27. Qh5 d4 28. Qc5 Ba8 29. Qc7+ {armenjan resigns} 1-0

[Event "ICS rated blitz match"]
[Site "204.178.125.65"]
[Date "2001.01.19"]
[Round "?"]
[White "kleo"]
[Black "Hossa"]
[Result "0-1"]
[WhiteElo "2234"]
[BlackElo "2523"]
[PlyCount "54"]
[EventDate "2001.??.??"]

1. d4 d5 2. Nf3 Nf6 3. c4 dxc4 4. Nc3 c6 5. a4 c5 6. e3 cxd4 7. Bxc4 e6 8. Nxd4
Bb4 9. O-O O-O 10. Qc2 e5 11. Nf3 Nc6 12. Rd1 Qe7 13. Nd5 Nxd5 14. Bxd5 Rd8 15.
Bxc6 Rxd1+ 16. Qxd1 bxc6 17. Bd2 Bd6 18. Rc1 e4 19. Nd4 Qe5 20. g3 c5 21. Ne2
Qxb2 22. Bc3 Qb6 23. Rb1 Qc6 24. Be5 Be7 25. Nf4 Ba6 26. Nd5 Bf8 27. Qg4 Qxd5 {
kleo resigns} 0-1

[Event "ICS rated blitz match"]
[Site "204.178.125.65"]
[Date "2001.01.19"]
[Round "?"]
[White "Hossa"]
[Black "kleo"]
[Result "1-0"]
[WhiteElo "2528"]
[BlackElo "2229"]
[PlyCount "53"]
[EventDate "2001.??.??"]

1. e4 c6 2. d4 d5 3. Nc3 dxe4 4. Nxe4 Nd7 5. Bd3 Ngf6 6. Ng5 e6 7. Ne2 Be7 8.
O-O O-O 9. Bf4 c5 10. Qe1 cxd4 11. Nxd4 Nc5 12. Qd1 Nxd3 13. Qxd3 h6 14. Ne4
Nxe4 15. Qxe4 Bf6 16. Be5 Bxe5 17. Qxe5 b6 18. Nb5 Ba6 19. Rfd1 Qe7 20. Nc7 Bb7
21. Nxa8 Bxa8 22. Rd4 Rc8 23. Rad1 Kh7 24. Rd7 Qb4 25. Rxf7 Qg4 26. f3 Qg6 27.
Rdd7 {kleo resigns} 1-0

[Event "ICS rated blitz match"]
[Site "204.178.125.65"]
[Date "2001.01.19"]
[Round "?"]
[White "Hossa"]
[Black "pob"]
[Result "1-0"]
[WhiteElo "2533"]
[BlackElo "2062"]
[PlyCount "67"]
[EventDate "2001.??.??"]

1. e4 e5 2. Bc4 Nf6 3. d3 d5 4. exd5 Nxd5 5. Nf3 Nc6 6. O-O Bg4 7. h3 Bh5 8.
Re1 Be7 9. g4 Bg6 10. Nxe5 Nxe5 11. Rxe5 Nb6 12. Bb3 Qd7 13. Qf3 O-O-O 14. Nc3
Bd6 15. Ra5 a6 16. Be3 h5 17. gxh5 Bf5 18. Qxf5 Qxf5 19. Rxf5 f6 20. h6 gxh6
21. Be6+ Kb8 22. Rxf6 Nd7 23. Rxh6 Ne5 24. Rxh8 Rxh8 25. Kg2 Re8 26. Bb3 b5 27.
Ne4 Bf8 28. f4 Ng6 29. Kf2 Be7 30. Bf7 Rh8 31. Bxg6 Rxh3 32. Bd2 Bh4+ 33. Kg2
Rg3+ 34. Nxg3 {pob resigns} 1-0